Catálogo
 En Linea

La Era de Trujillo : (Registro nro. 31290)

Detalles MARC
000 -CABECERA
campo de control de longitud fija 01490nam a2200253 a 4500
001 - NÚMERO DE CONTROL
campo de control 000031798
003 - IDENTIFICADOR DEL NÚMERO DE CONTROL
campo de control DO-SdBNP
005 - FECHA Y HORA DE LA ÚLTIMA TRANSACCIÓN
campo de control 20250501120733.0
008 - DATOS DE LONGITUD FIJA--INFORMACIÓN GENERAL
campo de control de longitud fija 110706t1956 cl 001 0 spa d
040 ## - FUENTE DE LA CATALOGACIÓN
Centro catalogador/agencia de origen DO-SdBNP
Lengua de catalogación spa
Centro/agencia transcriptor BNPHU
049 ## - FONDOS LOCALES (OCLC)
Fondos de biblioteca BNPD
082 ## - NÚMERO DE LA CLASIFICACIÓN DECIMAL DEWEY
Número de clasificación 972.93053
Número de documento/Ítem G158e, 1956
100 1# - ENTRADA PRINCIPAL--NOMBRE DE PERSONA
Nombre de persona Galíndez, Jesús de,
Fechas asociadas al nombre 1915-1956
9 (RLIN) 83901
245 13 - MENCIÓN DE TÍTULO
Título La Era de Trujillo :
Resto del título un estudio casuístico de dictadura hispanoaméricana /
Mención de responsabilidad, etc. Jesús de Galíndez.
250 ## - MENCIÓN DE EDICIÓN
Mención de edición 4a ed.
260 ## - PUBLICACIÓN, DISTRIBUCIÓN, ETC.
Lugar de publicación, distribución, etc. Santiago de Chile :
Nombre del editor, distribuidor, etc. Del Pacífico,
Fecha de publicación, distribución, etc. 1956.
300 ## - DESCRIPCIÓN FÍSICA
Extensión 452 p. ;
Dimensiones 19 cm.
504 ## - NOTA DE BIBLIOGRAFÍA, ETC.
Nota de bibliografía, etc. Incluye bibliografía y notas al pie de páginas.
505 0# - NOTA DE CONTENIDO CON FORMATO
Información miscelánea Prólogo de los editores --
Título Testamento de Jesús de Galíndez --
Información miscelánea Introducción : La dictadura hispanoamericana --
-- I. Sinopsis histórica de un cuarto de siglo :
Título La Era de Trujillo --
Información miscelánea II. Análisis del régimen político bajo Trujillo :
Título Parodia constitucional --
-- Elecciones y renuncias --
-- Terror difuso en vez de libertad --
-- Partido único y sindicato de gobierno --
-- Instituciones sociales de relleno --
-- Estilo personal del tirano --
-- Repercusiones de la política internacional --
-- El anticomunismo de Trujillo --
-- La obra positiva del Régimen Trujillista --
-- Crítica del régimen y grupos de oposición --
-- Conclusiones --
650 10 - PUNTO DE ACCESO ADICIONAL DE MATERIA--TÉRMINO DE MATERIA
Término de materia o nombre geográfico como elemento de entrada Demografía
9 (RLIN) 45443
651 #4 - PUNTO DE ACCESO ADICIONAL DE MATERIA--NOMBRE GEOGRÁFICO
Nombre geográfico República Dominicana
Subdivisión general Política Y Gobierno
Subdivisión cronológica ERA DE TRUJILLO, 1930-1961
9 (RLIN) 1374
910 ## - DATOS DE OPCIÓN DEL USUARIO (OCLC)
Datos de opción del usuario Validado. Control de calidad EMS.
942 ## - ELEMENTOS DE PUNTO DE ACCESO ADICIONAL (KOHA)
Fuente del sistema de clasificación o colocación Dewey Decimal Classification
Tipo de ítem Koha Libro
Existencias
Estado de retiro Estado de pérdida Restricciones de uso No para préstamo Código de colección Localización permanente Ubicación/localización actual Ubicación en estantería Fecha de adquisición Número de inventario Total de préstamos Signatura topográfica completa Código de barras Fecha visto por última vez Precio válido a partir de Tipo de ítem Koha Nota pública
      Excluido de préstamo Raros y valiosos Patrimonio Dominicano Patrimonio Dominicano Depósito 06.07.2011 LF1   972.93053 G158e, 1956 31798-10 25.06.2020 25.06.2020 No se presta Perteneció a la biblioteca personal de Germán Emilio Ornes

Con tecnología Koha